000 00658nam a22002297a 4500
003 UA-OsUOA
001 45453
007 ta
008 20111012b un ||||| |||| 00| 0 ukr d
090 _a82-1
_bН30
942 _cBK
040 _aUA-OsUOA
_bukr
_cUA-OsUOA
_dUA-OsUOA
245 _aНародні балади Закарпаття
300 _a143 с.
955 _a3
041 _aukr
080 _a82-1
260 _aУжгород
_c1959
650 7 _a82 Література. Літературознавство
_2UDC
999 _c425558
_d425558